Načítá se...
नलचम्पूः /
| Další autoři: | |
|---|---|
| Médium: | Printed Book |
| Vydáno: |
Varanasi:
Chaukhambha Sankrit Sansthan,
.
|
| Témata: |
| LEADER | 00462cam a2200133ua 4500 | ||
|---|---|---|---|
| 082 | |a 891.2 |b TRI/N | ||
| 245 | 0 | 0 | |a नलचम्पूः / |
| 260 | |a Varanasi: |b Chaukhambha Sankrit Sansthan, |c . | ||
| 300 | |a . | ||
| 650 | 0 | |a Nalachampu or Damayannti-katha |a Sanskrit literature | |
| 700 | 0 | 2 | |a Trivikrama Bhatta |
| 942 | |c BK | ||
| 999 | |c 12151 |d 12151 | ||
| 952 | |0 0 |1 0 |4 0 |6 891_200000000000000_TRI |7 0 |9 12686 |a KUCL |b KUCL |d 2014-05-23 |l 0 |o 891.2 TRI/ |p 14030 |r 2014-05-23 |w 2014-05-23 |y BK | ||